000 01165nam a2200325 a 4500
001 000108717
003 CHAP
005 20220329144022.0
008 140305s2012 mx | |sm |||||||spa|d
010 _a105179
011 _a106151
040 _cCHAP
090 _aTesis
100 1 _aMarín García, Alejandra
_971490
245 1 0 _aZacate Jonshon (Sorghum halepense [L.] Pers) resistente a nicosulfuron
_h[En línea]
_cpor Alejandra Marín García.
260 _aChapingo, Méx. :
_bEl autor,
_c2012.
500 _aPara ver el contenido del material haga clic en la liga
502 _aTesis (M.C. en Protección Vegetal) -- UACH. Departamento de Parasitología Agrícola
590 _aBATCH-UPD
_b05
_c20140324
_lUCH01
_h1536
590 _aBATCH-UPD
_b05
_c20141002
_lUCH01
_h0857
590 _aE792CSJ
_b05
_c20140305
_lUCH01
_h1352
590 _aE792CSJ
_b05
_c20140305
_lUCH01
_h1352
650 1 4 _aHerbicidas
_xEfecto en pastos.
_953695
650 1 4 _aMalas hierbas
_xHerbicidas.
_9125597
650 1 4 _aZacate Johnson.
_9123396
856 _aFinding aid
_uhttp://10.13.5.2/tesis/sist108717.pdf
_zTeclea aquí
901 _aBK
942 _cTESIS
942 _n0
999 _c105179
_d105179